000 00679nam a2200229Ia 4500
001 9306
003 GE_BSU
008 181216s||||||||xx |||||||||||||| ||und||
040 _cGE_BSU
080 _a821.353.1–1
100 _aკაჭახიძე,გიორგი
245 _aშეფოთლილი ხეივანი
245 _bლექსები
245 _cრედ.ა.სულავა
260 _aთბილისი
260 _bსახელგამი
260 _c1937
300 _a140გვ.ილ.17სმ.
653 _aლექსები
653 _aშეფოთლილი ხეივანი
942 _cBK
999 _c42603
_d42603